000
00308nam a2200121Ia 4500
008
190216s9999||||xx |||||||||||||| ||und||
100
_a
Weatherburn C E
245
0
_a
Differential Geometry Of Three Dimensions
260
_b
Cambridge Uty Press
_c
1927
300
_a
268p
650
_a
Mathematics
942
_c
BK
999
_c
30521
_d
30521